[Event "Skolernes 50 aars jubilaeum 2022"]
[Site "Aarhus"]
[Date "2022.07.15"]
[Round "6.1"]
[White "Oleksienko, Mikhailo"]
[Black "Rozentalis, Eduardas"]
[Result "1-0"]
[WhiteElo "2588"]
[BlackElo "2531"]
[PlyCount "109"]
[EventDate "2022.07.01"]
[EventType "tourn"]
[EventRounds "9"]
[EventCountry "DEN"]

1. e4 e6 2. d4 d5 3. Nd2 c5 4. exd5 exd5 5. Ngf3 c4 6. b3 cxb3 7. Bb5+ Bd7 8.
Bxd7+ Nxd7 9. Qe2+ Qe7 10. axb3 Qxe2+ 11. Kxe2 Bd6 12. c4 Ne7 13. c5 Bc7 14. b4
O-O 15. Nb1 a6 16. Nc3 Rfe8 17. Kd3 Rad8 18. Bg5 f6 19. Bd2 Kf7 20. Rhb1 Ra8
21. Ra2 Reb8 22. Rba1 b6 23. Rxa6 Rxa6 24. Rxa6 bxc5 25. bxc5 Nf8 26. Ne1 Ne6
27. Nc2 Rb2 28. g3 h5 29. Ra2 Rxa2 30. Nxa2 Nd8 31. Nc3 Ndc6 32. Nb5 Bb8 33.
Bf4 Bxf4 34. gxf4 Ke6 35. Ne3 Kd7 36. f5 Nb4+ 37. Kc3 Na2+ 38. Kd2 Nb4 39. Nc3
h4 40. h3 Kc6 41. Ne2 Na6 42. Nf4 Nc7 43. Kd3 Kd7 44. Ng6 Nc6 45. Nxh4 Nb5 46.
Nc2 Ne7 47. Nb4 Nc7 48. Ke3 Nb5 49. Nc2 Nc3 50. Kf4 Nd1 51. Ng6 Ng8 52. Nb4
Nxf2 53. h4 Nh6 54. Nxd5 Nd3+ 55. Ke4 1-0

[Event "Skolernes 50 aars jubilaeum 2022"]
[Site "Aarhus"]
[Date "2022.07.15"]
[Round "6.2"]
[White "Ochsner, Bjorn Moller"]
[Black "Thybo, Jesper Sondergaard"]
[Result "1/2-1/2"]
[WhiteElo "2501"]
[BlackElo "2520"]
[PlyCount "96"]
[EventDate "2022.07.01"]
[EventType "tourn"]
[EventRounds "9"]
[EventCountry "DEN"]

1. e4 e5 2. Nf3 Nc6 3. Bc4 Bc5 4. c3 Nf6 5. d4 exd4 6. e5 d5 7. Bb5 Ne4 8. cxd4
Bb6 9. Be3 O-O 10. Nc3 Bg4 11. h3 Bh5 12. Qc2 Nxc3 13. bxc3 f6 14. exf6 Qxf6
15. Be2 Na5 16. Ne5 Bxe2 17. Qxe2 c5 18. Nd7 Qc6 19. Nxc5 Bxc5 20. dxc5 Nc4 21.
O-O Rae8 22. Rad1 Nxe3 23. fxe3 Rxf1+ 24. Kxf1 Qxc5 25. Rd3 Qc4 26. Kg1 h6 27.
Qd2 Qe4 28. Rxd5 Qxe3+ 29. Qxe3 Rxe3 30. Rd7 Rxc3 31. Rxb7 Ra3 32. h4 Rxa2 33.
Kh2 Kh7 34. h5 Ra5 35. g4 Ra3 36. Rc7 Kg8 37. Rc8+ Kh7 38. Rc7 a5 39. Rc5 a4
40. g5 hxg5 41. Rxg5 Ra2+ 42. Kg3 Ra1 43. Ra5 Kg8 44. Ra7 a3 45. Kg2 Kf8 46.
Kh2 Kg8 47. Kg2 Kh7 48. Ra6 Kg8 1/2-1/2

[Event "Skolernes 50 aars jubilaeum 2022"]
[Site "Aarhus"]
[Date "2022.07.15"]
[Round "6.3"]
[White "Boe Olsen, Filip"]
[Black "Hagen, Andreas Skytte"]
[Result "1-0"]
[WhiteElo "2401"]
[BlackElo "2368"]
[PlyCount "89"]
[EventDate "2022.07.01"]
[EventType "tourn"]
[EventRounds "9"]
[EventCountry "DEN"]

1. d4 Nf6 2. c4 g6 3. Nc3 Bg7 4. e4 d6 5. Be2 O-O 6. Be3 e5 7. d5 Na6 8. g4 Nc5
9. f3 h5 10. g5 Nh7 11. h4 f6 12. gxf6 Bxf6 13. Bf2 Be7 14. Kd2 Rf4 15. Qe1 Bd7
16. Kc2 Na4 17. Nh3 Bxh3 18. Nxa4 Bd7 19. Nc3 Nf8 20. Rc1 Kh7 21. Kb1 Be8 22.
Bg3 Rf7 23. c5 Nd7 24. cxd6 cxd6 25. Bf2 a6 26. Ka1 Rc8 27. Nb1 Rxc1 28. Qxc1
Nc5 29. Nd2 b5 30. Qc3 Na4 31. Qd3 Bf6 32. Nb3 Rc7 33. Qd2 Qc8 34. Bd3 Bd8 35.
Qe2 Rf7 36. Be3 Bb6 37. Bg5 Rc7 38. f4 Bd4 39. Nxd4 Rc1+ 40. Rxc1 Qxc1+ 41. Bb1
exd4 42. f5 d3 43. Qf2 Qc5 44. fxg6+ Bxg6 45. Qf8 1-0

[Event "Skolernes 50 aars jubilaeum 2022"]
[Site "Aarhus"]
[Date "2022.07.15"]
[Round "6.4"]
[White "Nagy, Gabor"]
[Black "Liu, Casper Yukun"]
[Result "0-1"]
[WhiteElo "2500"]
[BlackElo "2317"]
[PlyCount "78"]
[EventDate "2022.07.01"]
[EventType "tourn"]
[EventRounds "9"]
[EventCountry "DEN"]

1. Nf3 d5 2. g3 Nf6 3. Bg2 c6 4. O-O Bg4 5. h3 Bxf3 6. Bxf3 g6 7. d3 Bg7 8. Nd2
O-O 9. e4 dxe4 10. dxe4 Nbd7 11. Qe2 Nc5 12. Bg2 Nfd7 13. h4 a5 14. h5 a4 15.
Rb1 a3 16. b3 Ne6 17. hxg6 hxg6 18. Nf3 Qa5 19. b4 Qh5 20. Qe1 Nf6 21. Nh2 Nd4
22. f3 Nd7 23. Rf2 Ne5 24. Qf1 Rfd8 25. Bh3 Nb5 26. Rb3 Rd6 27. Kg2 Rad8 28.
Be3 Rd1 29. Qe2 Ra1 30. c4 Rdd1 31. Rf1 Rxf1 32. Nxf1 Nxf3 33. cxb5 Ne1+ 34.
Kf2 Qxh3 35. Qxe1 Rxe1 36. Kxe1 Bb2 37. bxc6 bxc6 38. Kf2 Qh1 39. Nd2 Qa1 0-1

[Event "Skolernes 50 aars jubilaeum 2022"]
[Site "Aarhus"]
[Date "2022.07.15"]
[Round "6.5"]
[White "Hillarp Persson, Tiger"]
[Black "Baklan, Vladimir"]
[Result "0-1"]
[WhiteElo "2516"]
[BlackElo "2589"]
[PlyCount "50"]
[EventDate "2022.07.01"]
[EventType "tourn"]
[EventRounds "9"]
[EventCountry "DEN"]

1. d4 Nf6 2. c4 e6 3. Nc3 Bb4 4. Qc2 d5 5. cxd5 Qxd5 6. Nf3 Qf5 7. Qb3 Nc6 8.
Bd2 a5 9. a3 a4 10. Qc4 Bd6 11. Nxa4 O-O 12. Nc3 Qc2 13. Qa2 e5 14. Rc1 Qg6 15.
d5 Nd4 16. e3 Nc2+ 17. Kd1 Ng4 18. Be1 Ngxe3+ 19. fxe3 Nxe3+ 20. Ke2 e4 21. Nd2
Bg4+ 22. Kxe3 Bc5+ 23. Kf4 Qf5+ 24. Kg3 Bd6+ 25. Kh4 Qh5# 0-1

[Event "Skolernes 50 aars jubilaeum 2022"]
[Site "Aarhus"]
[Date "2022.07.15"]
[Round "7.1"]
[White "Liu, Casper Yukun"]
[Black "Boe Olsen, Filip"]
[Result "0-1"]
[WhiteElo "2317"]
[BlackElo "2401"]
[PlyCount "56"]
[EventDate "2022.07.01"]
[EventType "tourn"]
[EventRounds "9"]
[EventCountry "DEN"]

1. d4 Nf6 2. Nf3 e6 3. Bf4 c5 4. c3 d5 5. e3 Bd6 6. Nbd2 O-O 7. Bd3 Bxf4 8.
exf4 Qd6 9. g3 Nc6 10. dxc5 Qxc5 11. O-O b5 12. Ne5 Bb7 13. Qe2 a6 14. b4 Qb6
15. a4 bxa4 16. Rxa4 d4 17. Ne4 Nxe5 18. fxe5 Nxe4 19. Bxe4 dxc3 20. Rc1 Rfc8
21. Qf3 Bxe4 22. Qxe4 Rab8 23. Qd3 Qc7 24. Rxa6 Qxe5 25. Ra3 c2 26. Ra2 Rc3 27.
Qxc3 Qxc3 28. Raxc2 Qxb4 0-1

[Event "Skolernes 50 aars jubilaeum 2022"]
[Site "Aarhus"]
[Date "2022.07.15"]
[Round "7.2"]
[White "Hagen, Andreas Skytte"]
[Black "Oleksienko, Mikhailo"]
[Result "1/2-1/2"]
[WhiteElo "2368"]
[BlackElo "2588"]
[PlyCount "156"]
[EventDate "2022.07.01"]
[EventType "tourn"]
[EventRounds "9"]
[EventCountry "DEN"]

1. e4 c5 2. Nf3 Nc6 3. d4 cxd4 4. Nxd4 Nf6 5. Nc3 e5 6. Ndb5 d6 7. Bg5 a6 8.
Na3 b5 9. Nd5 Be7 10. Bxf6 Bxf6 11. c3 O-O 12. Nc2 Rb8 13. h4 Be7 14. Nce3 Be6
15. Qf3 Qd7 16. Rd1 Bd8 17. Be2 Kh8 18. g3 a5 19. Rd2 b4 20. O-O bxc3 21. bxc3
a4 22. Rfd1 Qa7 23. Nc4 Qc5 24. Qe3 f6 25. Qxc5 dxc5 26. Nde3 Bc7 $11 27. Bg4
Bf7 28. Rd7 Bd8 29. R1d6 Na5 30. Be6 Bxe6 31. Rxe6 Nxc4 32. Nxc4 Ra8 33. Rc6
Kg8 34. Nd6 Ba5 35. Rxc5 Rad8 36. Rxd8 Bxd8 37. Rc4 a3 38. Rc8 h5 39. Kf1 Ba5
40. Rxf8+ Kxf8 41. Nb5 Ke7 42. Ke2 g6 43. Kf3 Kd7 44. g4 Ke6 45. gxh5 gxh5 46.
Nxa3 Bxc3 47. Nc4 f5 48. exf5+ Kxf5 49. Nd6+ Ke6 50. Ne4 Ba5 51. Kg3 Bd8 52.
Kh3 Kf5 53. Ng3+ Kg6 54. a4 Bb6 55. f3 Bd8 56. Ne4 Kf5 57. Kg3 Ba5 58. Nd6+ Ke6
59. Nc4 Be1+ 60. Kh3 Kd5 61. Ne3+ Ke6 62. Nf1 Kf5 63. Ne3+ Ke6 64. Nf1 Kf5 65.
Ng3+ Kf4 66. Nxh5+ Kxf3 67. Nf6 e4 68. Nd5 e3 69. Nxe3 Kxe3 70. h5 Kd4 71. h6
Kc4 72. h7 Bc3 73. Kg4 Kb4 74. Kg5 Kxa4 75. Kg6 Bd4 76. Kf7 Bc3 77. Kg8 Bd4 78.
h8=Q Bxh8 1/2-1/2

[Event "Skolernes 50 aars jubilaeum 2022"]
[Site "Aarhus"]
[Date "2022.07.15"]
[Round "7.4"]
[White "Baklan, Vladimir"]
[Black "Ochsner, Bjorn Moller"]
[Result "0-1"]
[WhiteElo "2589"]
[BlackElo "2501"]
[PlyCount "122"]
[EventDate "2022.07.01"]
[EventType "tourn"]
[EventRounds "9"]
[EventCountry "DEN"]

1. e4 c5 2. Nc3 d6 3. Nge2 Nf6 4. g3 Nc6 5. Bg2 g6 6. d4 cxd4 7. Nxd4 Nxd4 8.
Qxd4 Bg7 9. O-O O-O 10. Qb4 Nd7 11. Nd5 Ne5 12. Bg5 Nc6 13. Qa3 h6 14. Be3 Bd7
15. Rad1 b5 16. b3 Kh7 17. f4 Rc8 18. f5 Be5 19. Qc1 g5 20. Qd2 e6 21. f6 Rg8
22. Rf2 exd5 23. exd5 Nb8 24. Be4+ Kh8 25. Bxa7 Qf8 26. Qe2 Na6 27. Be3 Nc5 28.
Bf5 Bxf5 29. Rxf5 Ne4 30. Qf3 Nc3 31. Rf1 Rg6 32. a3 g4 33. Qg2 Qd8 34. Kh1 Kh7
35. Qd2 Ne4 36. Qd3 Nxf6 37. c4 bxc4 38. bxc4 Qe7 39. a4 Kg7 40. a5 Qc7 41. a6
Qxc4 42. Qxc4 Rxc4 43. a7 Ra4 44. Kg1 Kh7 45. Kh1 Nxd5 46. Rxf7+ Rg7 47. Bg1
Nc3 48. Rf8 Raxa7 49. Bxa7 Rxa7 50. Re1 Kg7 51. Rd8 Re7 52. Kg2 Nd5 53. h3 h5
54. hxg4 hxg4 55. Re2 Nf6 56. Ra8 Rb7 57. Ra3 Kg6 58. Rae3 Rb1 59. Rd3 Nh7 60.
Ra3 Ng5 61. Ra4 Kh5 0-1

[Event "Skolernes 50 aars jubilaeum 2022"]
[Site "Aarhus"]
[Date "2022.07.15"]
[Round "7.5"]
[White "Thybo, Jesper Sondergaard"]
[Black "Nagy, Gabor"]
[Result "1/2-1/2"]
[WhiteElo "2520"]
[BlackElo "2500"]
[PlyCount "43"]
[EventDate "2022.07.01"]
[EventType "tourn"]
[EventRounds "9"]
[EventCountry "DEN"]

1. e4 c5 2. Nf3 e6 3. g3 Nc6 4. Bg2 Nf6 5. Nc3 d6 6. d4 cxd4 7. Nxd4 Bd7 8. O-O
Be7 9. Nce2 O-O 10. c4 a6 11. a4 Qc7 12. b3 Nxd4 13. Nxd4 Rfd8 14. Be3 Bc6 15.
Qc2 Rac8 16. h3 d5 17. exd5 exd5 18. Qe2 Be8 19. Rac1 Ba3 20. Rc2 Qe5 21. Rd1
dxc4 22. Rxc4 1/2-1/2

[Event "Skolernes 50 aars jubilaeum 2022"]
[Site "Aarhus"]
[Date "2022.07.16"]
[Round "8.1"]
[White "Boe Olsen, Filip"]
[Black "Thybo, Jesper Sondergaard"]
[Result "1/2-1/2"]
[WhiteElo "2401"]
[BlackElo "2520"]
[PlyCount "58"]
[EventDate "2022.07.01"]
[EventType "tourn"]
[EventRounds "9"]
[EventCountry "DEN"]

1. d4 Nf6 2. c4 g6 3. Nc3 Bg7 4. e4 d6 5. Be2 O-O 6. Be3 c5 7. d5 Qb6 8. Qc2
Ng4 9. Bxg4 Bxg4 10. h3 Bd7 11. Nf3 Na6 12. O-O Nc7 13. a4 Na6 14. Bf4 e5 15.
dxe6 Bxe6 16. Nd5 Bxd5 17. exd5 Nb4 18. Qd2 Qa6 19. Rac1 Rfe8 20. b3 Re4 21.
Bh6 Rae8 22. Bxg7 Kxg7 23. Rce1 Qb6 24. Qc3+ Kg8 25. Qf6 Qc7 26. Rxe4 Rxe4 27.
Re1 Rxe1+ 28. Nxe1 Qd7 29. Nf3 Na6 1/2-1/2

[Event "Skolernes 50 aars jubilaeum 2022"]
[Site "Aarhus"]
[Date "2022.07.16"]
[Round "8.2"]
[White "Oleksienko, Mikhailo"]
[Black "Liu, Casper Yukun"]
[Result "1/2-1/2"]
[WhiteElo "2588"]
[BlackElo "2317"]
[PlyCount "122"]
[EventDate "2022.07.01"]
[EventType "tourn"]
[EventRounds "9"]
[EventCountry "DEN"]

1. e4 e5 2. Nf3 Nc6 3. Bb5 Nf6 4. O-O Nxe4 5. d4 Nd6 6. Bxc6 dxc6 7. dxe5 Nf5
8. Qxd8+ Kxd8 9. Nc3 Ke8 10. h3 h5 11. Bf4 Be7 12. Rad1 Be6 13. Ng5 Rh6 14. g3
Bxg5 15. Bxg5 Rg6 16. h4 f6 17. exf6 gxf6 18. Bf4 Nxh4 19. f3 Rd8 20. Kf2 Rxd1
21. Rxd1 Nxf3 22. Kxf3 Bg4+ 23. Ke4 Bxd1 24. Nxd1 Rg7 25. Nf2 Re7+ 26. Kf3 b6
27. Nd3 c5 28. Bd2 Rh7 29. Be1 Kf7 30. Nf4 Rh8 31. Nd5 Rd8 32. Nxc7 Rd1 33. Ke2
Rb1 34. Bc3 Rc1 35. a3 Rxc2+ 36. Kf3 Rc1 37. Nd5 Rf1+ 38. Ke3 Kg6 39. Ke2 Rc1
40. Ne7+ Kf7 41. Nc8 Ke6 42. Nxa7 Kf5 43. Nc8 Kg4 44. Bxf6 Kxg3 45. Nxb6 Rc2+
46. Kd3 Rf2 47. Be5+ Kg4 48. a4 Kf5 49. Nc4 Ke6 50. a5 Kd5 51. a6 Rf3+ 52. Kd2
Rf7 53. Bb8 Kxc4 54. a7 Rxa7 55. Bxa7 Kb3 56. Kc1 c4 57. Bd4 h4 58. Be5 h3 59.
Kb1 h2 60. Bxh2 c3 61. bxc3 Kxc3 1/2-1/2

[Event "Skolernes 50 aars jubilaeum 2022"]
[Site "Aarhus"]
[Date "2022.07.16"]
[Round "8.3"]
[White "Hillarp Persson, Tiger"]
[Black "Hagen, Andreas Skytte"]
[Result "1/2-1/2"]
[WhiteElo "2516"]
[BlackElo "2368"]
[PlyCount "74"]
[EventDate "2022.07.01"]
[EventType "tourn"]
[EventRounds "9"]
[EventCountry "DEN"]

1. d4 Nf6 2. c4 e6 3. Nc3 Bb4 4. e3 O-O 5. Nge2 d5 6. a3 Be7 7. cxd5 exd5 8.
Nf4 c6 9. Bd3 Re8 10. O-O Nbd7 11. f3 Nf8 12. Kh1 Ne6 13. Nce2 Nxf4 14. exf4
Nd7 15. Qc2 h5 16. Bd2 Nb6 17. b3 Bd7 18. a4 Bf6 19. Rae1 Nc8 20. f5 Bg5 21.
Nf4 Rxe1 22. Rxe1 h4 23. Nh5 Nd6 24. Re5 Bxd2 25. Qxd2 f6 26. Re1 Nxf5 27. Bxf5
Bxf5 28. Qf4 Qd7 29. Qxh4 Re8 30. Qg3 Rxe1+ 31. Qxe1 Bc2 32. Qe3 Qf5 33. Ng3
Qd3 34. Qe8+ Kh7 35. Qh5+ Kg8 36. Qe8+ Kh7 37. Qh5+ Kg8 1/2-1/2

[Event "Skolernes 50 aars jubilaeum 2022"]
[Site "Aarhus"]
[Date "2022.07.16"]
[Round "8.4"]
[White "Baklan, Vladimir"]
[Black "Rozentalis, Eduardas"]
[Result "1/2-1/2"]
[WhiteElo "2589"]
[BlackElo "2531"]
[PlyCount "33"]
[EventDate "2022.07.01"]
[EventType "tourn"]
[EventRounds "9"]
[EventCountry "DEN"]

1. e4 e5 2. Nf3 Nf6 3. Nxe5 d6 4. Nf3 Nxe4 5. d3 Nf6 6. d4 Be7 7. Bd3 Bg4 8.
O-O O-O 9. h3 Bh5 10. Re1 Re8 11. Bg5 Nbd7 12. Nbd2 Bg6 13. Bxg6 hxg6 14. c3 c6
15. Qb3 Qb6 16. Nc4 Qc7 17. Re2 1/2-1/2

[Event "Skolernes 50 aars jubilaeum 2022"]
[Site "Aarhus"]
[Date "2022.07.16"]
[Round "8.5"]
[White "Ochsner, Bjorn Moller"]
[Black "Nagy, Gabor"]
[Result "1-0"]
[WhiteElo "2501"]
[BlackElo "2500"]
[PlyCount "67"]
[EventDate "2022.07.01"]
[EventType "tourn"]
[EventRounds "9"]
[EventCountry "DEN"]

1. e4 c5 2. Nf3 e6 3. c3 d5 4. exd5 Qxd5 5. d4 Nf6 6. Na3 Nc6 7. Be3 cxd4 8.
Nb5 Qd7 9. Nbxd4 Be7 10. Bd3 O-O 11. O-O Nd5 12. Qc2 g6 13. Nxc6 bxc6 14. Bh6
Rd8 15. Rad1 Qc7 16. Rfe1 Bf6 17. h4 Bb7 18. h5 Nf4 19. hxg6 hxg6 20. Be4 Bg7
21. Bxg7 Kxg7 22. g3 Nh5 23. Rxd8 Rxd8 24. Bxg6 Nxg3 25. Ne5 Rh8 26. Bxf7 c5
27. Qg6+ Kf8 28. f3 c4 29. Qxg3 Qb6+ 30. Kf1 Rh1+ 31. Kg2 Bxf3+ 32. Qxf3 Qxb2+
33. Kxh1 Qg2+ 34. Qxg2 1-0

[Event "Skolernes 50 aars jubilaeum 2022"]
[Site "Aarhus"]
[Date "2022.07.17"]
[Round "9.2"]
[White "Liu, Casper Yukun"]
[Black "Hillarp Persson, Tiger"]
[Result "1/2-1/2"]
[WhiteElo "2317"]
[BlackElo "2516"]
[PlyCount "65"]
[EventDate "2022.07.01"]
[EventType "tourn"]
[EventRounds "9"]
[EventCountry "DEN"]

1. d4 e6 2. c4 f5 3. Nf3 Nf6 4. Bf4 b6 5. e3 Bb7 6. Nc3 Bb4 7. Qc2 Ne4 8. Bd3
Bxc3+ 9. bxc3 O-O 10. Rg1 Nf6 11. Nd2 d6 12. Bg5 h6 13. Bxf6 Qxf6 14. g4 fxg4
15. O-O-O Nd7 16. Rxg4 Qxf2 17. Rdg1 g5 18. Be4 Bxe4 19. Qxe4 Qf5 20. Qc6 Nf6
21. Rf4 Qg6 22. h4 Nh7 23. hxg5 hxg5 24. Ne4 Rxf4 25. exf4 Rf8 26. Nxg5 Rxf4
27. Qxc7 Nxg5 28. Qd8+ Kh7 29. Rxg5 Rf1+ 30. Kb2 Rf2+ 31. Ka3 Rxa2+ 32. Kxa2
Qc2+ 33. Ka1 1/2-1/2

[Event "Skolernes 50 aars jubilaeum 2022"]
[Site "Aarhus"]
[Date "2022.07.17"]
[Round "9.3"]
[White "Thybo, Jesper Sondergaard"]
[Black "Oleksienko, Mikhailo"]
[Result "1/2-1/2"]
[WhiteElo "2520"]
[BlackElo "2588"]
[PlyCount "39"]
[EventDate "2022.07.01"]
[EventType "tourn"]
[EventRounds "9"]
[EventCountry "DEN"]

1. e4 e5 2. Nf3 Nc6 3. Bb5 Nf6 4. O-O Nxe4 5. d4 Nd6 6. dxe5 Nxb5 7. a4 Nbd4 8.
Nxd4 d5 9. c3 Be7 10. f4 O-O 11. Be3 f6 12. Nxc6 bxc6 13. Nd2 Rb8 14. exf6 Rxf6
15. Nb3 a6 16. Ba7 Rb7 17. Bd4 Rh6 18. Rf2 Bf5 19. Bc5 Be4 20. Bxe7 1/2-1/2

[Event "Skolernes 50 aars jubilaeum 2022"]
[Site "Aarhus"]
[Date "2022.07.17"]
[Round "9.4"]
[White "Hagen, Andreas Skytte"]
[Black "Baklan, Vladimir"]
[Result "0-1"]
[WhiteElo "2368"]
[BlackElo "2589"]
[PlyCount "114"]
[EventDate "2022.07.01"]
[EventType "tourn"]
[EventRounds "9"]
[EventCountry "DEN"]

1. d4 d6 2. c4 e5 3. Nc3 exd4 4. Qxd4 Nf6 5. e4 g6 6. Bg5 Nbd7 7. Qd2 h6 8. Be3
Bg7 9. f3 a5 10. Bd3 O-O 11. Nge2 Ne5 12. O-O a4 13. b3 Nxd3 14. Qxd3 axb3 15.
axb3 Be6 16. Rxa8 Qxa8 17. Nb5 Qb8 18. Qd2 Kh7 19. Ba7 Qd8 20. Be3 Bd7 21. Nbc3
Re8 22. Bd4 Qb8 23. Rd1 Be6 24. Nf4 c6 25. Qb2 c5 26. Bf2 Rd8 27. Qd2 Ne8 28.
Nb5 Bd7 29. Qd5 Bxb5 30. Qxf7 Bc6 31. Ne6 Kh8 32. Qxg6 Rd7 33. Be3 b5 34. Bxh6
bxc4 35. Bxg7+ Nxg7 36. Ng5 Ne8 37. Nf7+ Rxf7 38. Qxf7 Qxb3 39. Qf8+ Kh7 40.
Qf7+ Kh8 41. Qf8+ Kh7 42. Qf7+ Ng7 43. Rxd6 Be8 44. Qf4 c3 45. Qh6+ Kg8 46. Qc1
c2 47. Rd2 Ba4 48. Re2 Ne6 49. Re1 Qc3 50. e5 Kf7 51. Kf1 Qd4 52. g3 Qd3+ 53.
Kf2 Bc6 54. Qe3 c4 55. Ra1 Nd4 56. Qf4+ Ke8 57. Re1 c3 0-1

[Event "Skolernes 50 aars jubilaeum 2022"]
[Site "Aarhus"]
[Date "2022.07.17"]
[Round "9.5"]
[White "Rozentalis, Eduardas"]
[Black "Ochsner, Bjorn Moller"]
[Result "1/2-1/2"]
[WhiteElo "2531"]
[BlackElo "2501"]
[PlyCount "87"]
[EventDate "2022.07.01"]
[EventType "tourn"]
[EventRounds "9"]
[EventCountry "DEN"]

1. e4 c5 2. Nf3 e6 3. c3 Nf6 4. e5 Nd5 5. g3 d6 6. exd6 Bxd6 7. Bg2 Nc6 8. d4
cxd4 9. Nxd4 Nxd4 10. Qxd4 O-O 11. O-O Qc7 12. Nd2 Bd7 13. Ne4 Be5 14. Qd3 a6
15. Re1 Bb5 16. Qf3 h6 17. Qh5 Rad8 18. a4 Bc6 19. Qe2 Nb6 20. a5 Nd5 21. Bd2
Bb5 22. Qf3 Bc6 23. Qe2 Bb5 24. Qf3 Rc8 25. Be3 Nxe3 26. Qxe3 Qe7 27. Rad1 Ba4
28. Rd2 Bc6 29. Red1 Rfd8 30. h4 Rxd2 31. Qxd2 Bc7 32. b4 Rd8 33. Qe1 Rxd1 34.
Qxd1 f5 35. Nc5 Bxg2 36. Kxg2 Bd6 37. Nb3 Qc7 38. Qf3 Qc4 39. Nd2 Qc7 40. Nb3
Be7 41. h5 Qd7 42. Nd4 Bf6 43. Nb3 Be7 44. Nd4 1/2-1/2